000 00670nam a2200169Ia 4500
999 _c18724
_d18724
082 _aTL.0035
100 _aLionel, G.C.
245 0 _aPsycholinguistic strategy for teaching reading English with comprehension to the student of standard xi at the plus two level
260 _c1982
_bUniversity of Madras
300 _a184p. + C D - 59
650 _aPSYCHOLINGUISTIC TESTING//PSYCHOLINGUISTICS - ABILITY TESTING
650 _aENGLISH LANGUAGE - STUDY AND TEACHING (SECONDARY)
650 _aPSYCHOLINGUISTICS - ABILITY TESTING
650 _aHIGH SCHOOL STUDENTS - TAMIL NADU
650 _aPSYCHOLOGICAL TESTS///PSYCHOLINGUISTICS - ABILITY TESTING
942 _cTH
_2ddc